Gaming Quiz

Random Gaming or Clickable Quiz

Absent Letter Board Games and Card Games Quiz Stats

 Plays Quiz not verified by Sporcle

Score 0/23 Timer 02:00
29 Plays Today
% Correct
_HESS
92%
_LACKJACK
91.5%
_IPLOMAT
90.8%
_XIS AND ALLIES
90.6%
_UESS WHO
90.5%
_EARTS
90%
_XPLODING KITTENS
88.5%
_ASTER MIND
87.9%
_LD MAID
86.1%
_ISK
84.8%
_ICKET TO RIDE
83%
_ENGA
82.9%
% Correct
_REECELL
81.8%
_ERPLUNK
81.4%
_ANDEMIC
80.8%
_NO
80.1%
_AHTZEE
77.4%
_NAP
73.3%
_INE MEN'S MORRIS
71.2%
_OOPHORIA
67.9%
_ILLA PALETTI
67.1%
_HIST
61.3%
_UDO
58.9%

You're not logged in!

Compare scores with friends on all Sporcle quizzes.
OR
Log In

Show Comments

Extras

Top Quizzes Today


Score Distribution

Your Account Isn't Verified!

In order to create a playlist on Sporcle, you need to verify the email address you used during registration. Go to your Sporcle Settings to finish the process.

Report this User

Report this user for behavior that violates our Community Guidelines.

Details: